Normal view
MARC view
- Derviş, Kemal.
Entry Personal Name
001 - CONTROL NUMBER
- control field: 12503
003 - CONTROL NUMBER IDENTIFIER
- control field: NUST
005 - DATE AND TIME OF LATEST TRANSACTION
- control field: 20181031043606.0
008 - FIXED-LENGTH DATA ELEMENTS
- fixed length control field: 181031|| aca||aabn | a|a d
040 ## - CATALOGING SOURCE
- Original cataloging agency: NUST
- Transcribing agency: NUST
100 ## - HEADING--PERSONAL NAME
- Personal name: Derviş, Kemal.
670 ## - SOURCE DATA FOUND
- Source citation: Work cat.: (NUST)0: Derviş, Kemal., A better globalization :, c2005.
